000 00637nam a2200241Ia 4500
005 20250425162454.0
008 250425s9999 xx 000 0 und d
020 _a9780944583173
041 _aeng
082 _a153.42
100 _aPAUL, RICHARD
245 0 _aTHE THINKER S GUIDE TO UNDERSTANDING THE FOUNDATIONS OF ETHICAL REASONING
250 _a1RD ED.
260 _aEstados Unidos
_bTHE FOUNDATION FOR CRITICAL THINKING
_c2009
260 _aS.L.
300 _a56
650 _aETICA
650 _aGUIA
650 _aRAZONAMIENTO
710 _aTHE FOUNDATION FOR CRITICAL THINKING
942 _c01
010 _a76486
999 _c229949
_d229949